00745nam a22002297a 450000500170000001000110001702000220002803500110005003700160006104000120007708200130008924500670010226000350016927000280020430000310023265000290026365000290029270000300032194200220035199900190037395201230039220170124105916.0 a664224 c00.00a0139444882 a664224 bCen Lib/Ret aDPLbEN a483bWEB aWebster's new world dictionary /cedited by David B. Guralanic bWorld Publishingc1971aMexico aPrentice Hall Inc.bUSA aV,808p. :c23cm (Hb)bill. aEnglish dictionary92590 aEnglish dictionary92590 aGuralnik,David B.9107075 2ddccENh483mWEB c122834d122834 001040718REFaLbLd2015-05-30eCen Lib/Retg0.00l0o483 WEBp664224r2015-05-30 00:00:00t1v0.00w2015-05-30yEN